Who Sang It? 1963-2015 - Statistics

General Stats
  • This quiz has been taken 478 times
    460 since last reset
  • The average score is 26 of 53
Answer Stats
Year Song Title Singer/Band % Correct
1991 Smells Like Teen Spirit Nirvana
88%
1989 Like A Prayer Madonna
82%
1987 Smooth Criminal Michael Jackson
82%
1996 Wonderwall Oasis
81%
1963 I Want To Hold Your Hand The Beatles
81%
1993 I Will Always Love You Whitney Houston
81%
2008 Viva La Vida Coldplay
80%
2011 Moves Like Jagger Maroon 5
80%
1983 Every Breath You Take The Police
79%
1986 You Give Love A Bad Name Bon Jovi
74%
1997 Candle In The Wind Elton John
72%
2005 Boulevard Of Broken Dreams Green Day
72%
2009 Tik Tok Kesha
71%
1979 YMCA Village People
71%
2010 Grenade Bruno Mars
70%
1982 Eye Of The Tiger Survivor
70%
1984 Girls Just Want To Have Fun Cyndi Lauper
69%
2002 Sk8er Boi Avril Lavigne
68%
1978 Don't Stop Me Now Queen
67%
1966 Paint It Black The Rolling Stones
64%
2012 Radioactive Imagine Dragons
60%
1964 Oh Pretty Woman Roy Orbison
60%
1970 Bridge Over Troubled Water Simon and Garfunkel
60%
1992 Tears In Heaven Eric Clapton
58%
1980 Call Me Blondie
56%
1998 Believe Cher
53%
2013 Pompeii Bastille
51%
1988 Fast Car Tracy Chapman
51%
2000 Say My Name Destinys Child
49%
2015 Love Me Like You Do Ellie Goulding
48%
2014 Photograph Ed Sheeran
46%
1981 Jessie's Girl Rick Springfield
45%
1973 Burning Love Elvis
41%
2006 Bad Day Daniel Powter
38%
2004 White Flag Dido
35%
1967 Massachusetts Bee Gees
34%
1976 December 1963 (Oh What A Night) The Four Seasons
33%
1995 I'll Be There For You The Rembrandts
33%
2007 Beautiful Girls Sean Kingston
32%
1985 We Are The World USA FOR AFRICA
31%
1975 One Of These Nights The Eagles
27%
1969 Lay, Lady, Lay Bob Dylan
26%
1977 Tonight's The Night Rod Stewart
26%
1994 I'll Make Love To You Boys II Men
25%
1990 Vision Of Love Mariah Carey
25%
1972 My Ding-A-Ling Chuck Berry
23%
1999 Scar Tissue Red Hot Chilli Peppers
22%
2001 Hanging By A Moment Lifehouse
17%
1971 One Bad Apple The Osmonds
13%
1965 King Of The Road Roger Miller
9%
1974 Dancing Machine The Jackson Five
7%
2003 Remember When Alan Jackson
5%
1968 Love Is Blue Paul Mauriat
3%
No matching quizzes found
Score Distribution
Percent of People with Each Score
Percentile by Number Answered
Your Score History
You have not taken this quiz since the last reset